000
00301nam a2200145Ia 4500
100
_a
Yuvraj Singh
942
_c
BK
366
_f
20
245
_a
The test of my life
260
_b
Random House india
_c
2013
082
_a
808.83
_b
YUV
300
_a
189
546
_a
ENGLISH
_c
Computers
999
_c
35733
_d
35733